Normal view
MARC view
- Astronomy
Entry Topical Term
001 - CONTROL NUMBER
- control field: 100858
003 - CONTROL NUMBER IDENTIFIER
- control field: NUST
005 - DATE AND TIME OF LATEST TRANSACTION
- control field: 20221019152251.0
008 - FIXED-LENGTH DATA ELEMENTS
- fixed length control field: 221019|| aca||aabn | a|a d
040 ## - CATALOGING SOURCE
- Original cataloging agency: NUST
- Transcribing agency: NUST
150 ## - HEADING--TOPICAL TERM
- Topical term or geographic name entry element: Astronomy
- Form subdivision: Observers' manuals
670 ## - SOURCE DATA FOUND
- Source citation: Work cat.: (NUST)0: Tyson, Neil deGrasse, author. 100855, Welcome to the universe in 3D :, 2020
